Ensilaje; manejo y utilización de las reservas forrajeras /
Guardado en:
| Autor Principal: | |
|---|---|
| Formato: | Libro |
| Publicado: |
Montevideo :
Hemisferio sur, 0
|
| Materias: | |
| Etiquetas: |
Agregar Etiqueta
Sin Etiquetas, Sea el primero en etiquetar este registro!
|
| LEADER | 00612nam a22002055a 4500 | ||
|---|---|---|---|
| 001 | CEM.cems016067 | ||
| 005 | 20100618172234.0 | ||
| 008 | 130507b######################000#0#####d | ||
| 003 | CEMS | ||
| 082 | 0 | 4 | |a 631.2 |
| 100 | 1 | |a Peñagaricano, Jorge A | |
| 245 | 1 | 0 | |a Ensilaje; manejo y utilización de las reservas forrajeras / |c Jorge A Peñagaricano, Walter Arias |
| 260 | |a Montevideo : |b Hemisferio sur, 0 | ||
| 300 | |a 344 p. | ||
| 653 | |a Agricultura | ||
| 653 | |a Ensilaje | ||
| 653 | |a Forrajes | ||
| 653 | |a Silos | ||
| 653 | |a Silos-construcción | ||
| 859 | |a CEMS |b BIB. CEMS - Agricultura |h 631.2 |i P37 |p A7154.79 |t Ej.1 | ||
